Marine biology I-[V] ; proceedings of the First [-Fifth] International Interdisciplinary Conference.

Bibliographic Details
Corporate Authors: Conference on Marine Biology, American Institute of Biological Sciences, Interdisciplinary Conference on Marine Biology
Other Authors: Riley, Gordon A. (Gordon Arthur), 1911-1985 (Editor)
Format: Conference Proceeding Book
Language:English
Published: Washington : American Institute of Biological Sciences, [1963- 69]
Subjects:

MARC

Tag First Indicator Second Indicator Subfields
LEADER 00000cam a22000001 4500
001 in00000016523
005 20151007052808.0
008 731030m19631969dcua b 10000 eng
010 |a  63013213  
035 |a (OCoLC)00965230 
035 |9 AAA9213AM 
040 |a DLC  |c DLC  |d m.c.  |d TXA  |d UtOrBLW 
049 |a TXAM  |v 1 [A11485993]  |v 2 [A09489591]  |v 3 [A08583237]  |v 4 [A09494936]  |v 5 [A11484735]  |c 2  |v 3 [A11484785] 
050 0 0 |a QH91.A3  |b C57 
082 0 |a 574.92 
111 2 |a Conference on Marine Biology. 
245 1 0 |a Marine biology I-[V] ;  |b proceedings of the First [-Fifth] International Interdisciplinary Conference. 
264 1 |a Washington :  |b American Institute of Biological Sciences,  |c [1963- 69] 
300 |a 5 volumes :  |b illustrations ;  |c 24 cm. 
336 |a text  |b txt  |2 rdacontent 
337 |a unmediated  |b n  |2 rdamedia 
338 |a volume  |b nc  |2 rdacarrier 
500 |a Edited by Gordon A. Riley and others. 
500 |a Volumes 2-4 have imprint: New York, New York Academy of Sciences, Interdisciplinary Communications Program; volume 5, New York, Gordon and Breach. 
500 |a The first three conferences were sponsored by the American Institute of Biological Sciences, the fourth conference was supported by the office of Naval Research and the National Aeronautics and Space Administration. 
500 |a Volume 5: Proceedings of the Fifth Interdisciplinary Conference on Marine Biology. 
504 |a Includes bibliographies. 
650 0 |a Marine biology  |v Congresses. 
700 1 |a Riley, Gordon A.  |q (Gordon Arthur),  |d 1911-1985,  |e editor. 
710 2 |a American Institute of Biological Sciences. 
711 2 |a Interdisciplinary Conference on Marine Biology  |n (5th :  |d 1967 :  |c Princeton, N.Y.) 
999 |a MARS 
999 f f |s b19f6a10-33cc-3bfd-b237-eb6eab9840c9  |i c65b1a35-307c-351f-b59c-48e50c75c4d3  |t 0 
952 f f |p ric  |a Texas A&M University  |b Rellis Campus  |c Joint Library Facility  |d Remote Storage  |t 0  |e QH91.A3 C57  |h Library of Congress classification  |i unmediated -- volume  |k v.2  |m A14809489591 
952 f f |p ric  |a Texas A&M University  |b Rellis Campus  |c Joint Library Facility  |d Remote Storage  |t 0  |e QH91.A3 C57  |h Library of Congress classification  |i unmediated -- volume  |k v.5  |m A14811484735 
952 f f |p ric  |a Texas A&M University  |b Rellis Campus  |c Joint Library Facility  |d Remote Storage  |t 0  |e QH91.A3 C57  |h Library of Congress classification  |i unmediated -- volume  |k v.4  |m A14809494936 
952 f f |p ric  |a Texas A&M University  |b Rellis Campus  |c Joint Library Facility  |d Remote Storage  |t 0  |e QH91.A3 C57  |h Library of Congress classification  |i unmediated -- volume  |k v.1  |m A14811485993 
952 f f |p ric  |a Texas A&M University  |b Rellis Campus  |c Joint Library Facility  |d Remote Storage  |t 0  |e QH91.A3 C57  |h Library of Congress classification  |i unmediated -- volume  |k v.3  |m A14808583237 
998 f f |a QH91.A3 C57  |s v.1-v.5  |t 0  |l Remote Storage